Practice and procedure for the quantity surveyor. (Record no. 91355)
[ view plain ]
| 000 -LEADER | |
|---|---|
| fixed length control field | 00832cam a2200253 4500 |
| 008 - FIXED-LENGTH DATA ELEMENTS--GENERAL INFORMATION | |
| fixed length control field | 090401t1994 xxu||||| |||| 00| 0 eng d |
| 020 ## - INTERNATIONAL STANDARD BOOK NUMBER | |
| International Standard Book Number | 0632038314 |
| 035 ## - SYSTEM CONTROL NUMBER | |
| System control number | (Sirsi) u43556 |
| 041 ## - LANGUAGE CODE | |
| Language code of text/sound track or separate title | eng |
| 050 ## - LIBRARY OF CONGRESS CALL NUMBER | |
| Classification number | 692.5 |
| 100 ## - MAIN ENTRY--PERSONAL NAME | |
| Personal name | Willis, Christopher J |
| 245 ## - TITLE STATEMENT | |
| Title | Practice and procedure for the quantity surveyor. |
| 250 ## - EDITION STATEMENT | |
| Edition statement | 10th ed. |
| 260 ## - PUBLICATION, DISTRIBUTION, ETC. | |
| Place of publication, distribution, etc. | Oxford |
| Name of publisher, distributor, etc. | Blackwell Scientific Publications |
| Date of publication, distribution, etc. | 1994 |
| 300 ## - PHYSICAL DESCRIPTION | |
| Extent | xv,235p. ; 24cm. |
| 350 ## - PRICE (NR) (BK AM CF MU VM SE) [OBSOLETE] | |
| Price | 16.99 |
| 520 ## - SUMMARY, ETC. | |
| Summary, etc. | Latest edition of a standard text which looks at the work of the QS in all its forms, including specializations such as project management and litigation. |
| 650 ## - SUBJECT ADDED ENTRY--TOPICAL TERM | |
| Topical term or geographic name entry element | BUILT ENVIRONMENT-QUANTITY SURVEYING |
| 690 ## - LOCAL SUBJECT ADDED ENTRY--TOPICAL TERM (OCLC, RLIN) | |
| Topical term or geographic name as entry element | Quantity surveying |
| 9 (RLIN) | 6263 |
| 700 ## - ADDED ENTRY--PERSONAL NAME | |
| Personal name | Ashworth, Allan |
| 700 ## - ADDED ENTRY--PERSONAL NAME | |
| Personal name | Willis, J. Andrew |
| 942 ## - ADDED ENTRY ELEMENTS (KOHA) | |
| Suppress in OPAC | 0 |
| 948 ## - LOCAL PROCESSING INFORMATION (OCLC); SERIES PART DESIGNATOR (RLIN) | |
| c (OCLC) | 04/03/1997 |
| Withdrawn status | Lost status | Source of classification or shelving scheme | Damaged status | Not for loan | Home library | Current library | Shelving location | Date acquired | Cost, normal purchase price | Total Checkouts | Full call number | Barcode | Date last seen | Date last checked out | Copy number | Cost, replacement price | Price effective from | Koha item type |
|---|---|---|---|---|---|---|---|---|---|---|---|---|---|---|---|---|---|---|
| Dewey Decimal Classification | London | London | Basement | 24/06/1994 | 16.99 | 20 | SHELF 137 | 30041978 | 06/08/2019 | 28/03/2007 | 1 | 16.99 | 06/08/2019 | Book |